MARC

LEADER 00000nam0a2200000 4500
001 158780
005 20231031154603.0
035 |a (RuTPU)RU\TPU\book\172205 
090 |a 158780 
100 |a 20090428d1953 m y0rusy50 ca 
101 0 |a rus 
102 |a RU 
105 |a a j 000zy 
200 1 |a Введение в строительную технику  |e учебное пособие  |f под ред. Л. А. Серка 
210 |a Москва  |c Изд-во литературы по строительству, архитектуре и строительным материалам  |d 1953 
215 |a 352 с.  |c ил. 
610 1 |a строительная техника 
610 1 |a учебные пособия 
610 1 |a строительство 
610 1 |a СССР 
610 1 |a архитектура 
610 1 |a строительные материалы 
610 1 |a конструкции 
610 1 |a здания 
610 1 |a сооружения 
610 1 |a проектирование 
610 1 |a возведение 
610 1 |a планировка 
610 1 |a благоустройство 
675 |a 624  |v 3 
702 1 |a Серк  |b Л. А.  |4 340 
801 1 |a RU  |b 63413507  |c 20090428  |g PSBO 
801 2 |a RU  |b 63413507  |c 20100903  |g RCR 
942 |c BK